L'Union soviétique (Record no. 70634)

MARC details
000 -LEADER
campo de control de longitud fija 00652cam a2200229Mi 4500
001 - NÚMERO DE CONTROL
campo de control 72381
005 - FECHA Y HORA DE LA ÚLTIMA TRANSACCIÓN
campo de control 20230410124100.0
008 - DATOS DE LONGITUD FIJA--INFORMACIÓN GENERAL
campo de control de longitud fija 981217s1971 xx 000 0 und d
035 ## - NÚMERO DE CONTROL DEL SISTEMA
Número de control de sistema (OCoLC)ocn163989687
040 ## - FUENTE DE CATALOGACIÓN
Centro catalogador/agencia de origen GEBAY
Lengua de catalogación ger
Centro/agencia transcriptor GEBAY
035 ## - NÚMERO DE CONTROL DEL SISTEMA
Número de control de sistema (OCoLC)163989687
049 ## - FONDOS LOCALES (OCLC)
Biblioteca depositaria GRAL
050 14 - SIGNATURA TOPOGRÁFICA DE LA BIBLIOTECA DEL CONGRESO
Número de clasificación M321l 1971
100 1# - ENTRADA PRINCIPAL--NOMBRE DE PERSONA
Nombre de persona Marcou, Lilly
245 00 - MENCIÓN DEL TÍTULO
Título L'Union soviétique
260 ## - PUBLICACIÓN, DISTRIBUCIÓN, ETC.
Fecha de publicación, distribución, etc. 1971
300 ## - DESCRIPCIÓN FÍSICA
Extensión 149p.
505 0# - NOTA DE CONTENIDO CON FORMATO
Nota de contenido con formato Intord. d'Héléne Carráere d'Encasse.<br>Paris: Colin 1971. 149 S.<br>(Bibliographies francaises de sciences sociales. Guides de recherches. 2. )
942 ## - ELEMENTOS DE ENTRADA SECUNDARIOS (KOHA)
Fuente del sistema de clasificación o colocación Clasificación de Library of Congress
Tipo de ítem Koha
946 ## - PROCESAMIENTO DE INFORMACIÓN LOCAL (OCLC)
a mfcruz
994 ## -
-- C0
-- DRFGD
Holdings
Estatus retirado Estado de pérdida Fuente del sistema de clasificación o colocación Estado de daño No para préstamo Colección Biblioteca de origen Biblioteca actual Ubicación en estantería Fecha de adquisición Serial enumeration / chronology Signatura topográfica completa Código de barras Visto por última vez Tipo de ítem Koha
    Clasificación de Library of Congress     Humanidades Biblioteca Juan Bosch Biblioteca Juan Bosch Humanidades (4to. Piso) 10/04/2023 3 M321l 1971 00000070333 25/10/2018